[Event "POL-chT 58th 2nd League"]
[Site "Wisla"]
[Date "2002.??.??"]
[Round "?"]
[White "Czekalski, Adam"]
[Black "Krysztofiak, Marcin"]
[Result "0-1"]
[WhiteElo "2138"]
[BlackElo "2335"]
[PlyCount "40"]
[EventDate "2002.08.30"]
[EventType "team-swiss"]
[EventRounds "11"]
[EventCountry "POL"]
[SourceTitle "EXT 2019"]
[Source "ChessBase"]
[SourceDate "2018.10.10"]
[SourceVersion "1"]
[SourceVersionDate "2018.10.10"]
[SourceQuality "1"]
[BlackTeam "Warszawa Damis"]
[BlackTeamCountry "POL"]

1. d4 Nf6 2. Bg5 c5 3. Bxf6 gxf6 4. d5 f5 5. Nd2 Bg7 6. c3 Qb6 7. Qb3 Qg6 8. g3 e5 9. Bh3 0-0 10. Qc2 d6 11. e3 Na6 12. a4 Nc7 13. Bg2 b6 14. Rd1 Bb7 15. c4 Na6 16. Ne2 Nb4 17. Qb1 f4 18. e4 Bc8 19. Bf3 f5 20. Rg1 Qh6 0-1

[Event "POL-chT 58th 2nd League"]
[Site "Wisla"]
[Date "2002.??.??"]
[Round "?"]
[White "Czekalski, Adam"]
[Black "Szwed, Jacek"]
[Result "0-1"]
[WhiteElo "2138"]
[BlackElo "2128"]
[PlyCount "37"]
[EventDate "2002.08.30"]
[EventType "team-swiss"]
[EventRounds "11"]
[EventCountry "POL"]
[SourceTitle "EXT 2019"]
[Source "ChessBase"]
[SourceDate "2018.10.10"]
[SourceVersion "1"]
[SourceVersionDate "2018.10.10"]
[SourceQuality "1"]

1. d4 Nf6 2. Bg5 Ne4 3. Bf4 c5 4. d5 Qb6 5. Qc1 g6 6. c3 Bg7 7. f3 Nd6 8. Nd2 e6 9. dxe6 fxe6 10. e4 0-0 11. Bd3 Qc7 12. Be3 Nc6 13. Nh3 Ne8 14. Nf2 b6 15. 0-0 d5 16. Ng4 Nf6 17. Nxf6+ Bxf6 18. Kh1 Bb7 19. Re1 0-1

[Event "Mecklenburg VP LL1 9899"]
[Site "Mecklenburg VP"]
[Date "1999.??.??"]
[Round "?"]
[White "Czekalski, Adam"]
[Black "Nocke, Thomas"]
[Result "0-1"]
[WhiteElo "2163"]
[BlackElo "2250"]
[PlyCount "110"]
[EventDate "1998.??.??"]
[EventType "team-tourn"]
[EventRounds "9"]
[EventCountry "GER"]
[SourceTitle "EXT 2002"]
[Source "ChessBase"]
[SourceDate "2001.11.25"]
[SourceVersion "1"]
[SourceVersionDate "2001.11.25"]
[SourceQuality "1"]

1. d4 Nf6 2. Bg5 d5 3. Bxf6 exf6 4. e3 Bd6 5. c4 c6 6. Nc3 dxc4 7. Bxc4 Be6 8. Bxe6 fxe6 9. Qb3 Qe7 10. Nge2 Na6 11. 0-0 Rd8 12. Rad1 0-0 13. e4 Kh8 14. Kh1 e5 15. d5 Nc5 16. Qc2 cxd5 17. Nxd5 Qf7 18. b4 Ne6 19. Rd3 Bb8 20. Rfd1 a6 21. Nb6 Qc7 22. Qxc7 Bxc7 23. Rxd8 Rxd8 24. Rxd8+ Nxd8 25. Nd5 Bd6 26. Nc1 Kg8 27. Kg1 Kf7 28. Kf1 Nc6 29. Nd3 Nd4 30. Ke1 Ke6 31. Kd2 f5 32. f3 g6 33. Kc3 Ne2+ 34. Kd2 fxe4 35. fxe4 Nf4 36. N3xf4+ exf4 37. Ke2 g5 38. Kf3 h5 39. h3 b6 40. a3 Be5 41. a4 Bd6 42. b5 a5 43. Nxb6 Bc7 44. Nc4 Kf6 45. Ke2 g4 46. hxg4 hxg4 47. Kd3 Kg5 48. e5 Kf5 49. Kd4 g3 50. Kd3 Bxe5 51. Nxa5 f3 52. Nc4 Bf4 53. b6 fxg2 54. Ne3+ Bxe3 55. b7 Bf4 0-1

[Event "POL-chT 2nd div South"]
[Site "Polanica Zdroj"]
[Date "1999.??.??"]
[Round "10"]
[White "Czernicki, Bogdan"]
[Black "Czekalski, Adam"]
[Result "1/2-1/2"]
[WhiteElo "2126"]
[BlackElo "2163"]
[PlyCount "23"]
[EventDate "1999.09.17"]
[EventType "team-swiss"]
[EventRounds "10"]
[EventCountry "POL"]
[SourceTitle "EXT 2001"]
[Source "ChessBase"]
[SourceDate "2000.11.22"]
[SourceVersion "1"]
[SourceVersionDate "2000.11.22"]
[SourceQuality "1"]
[WhiteTeam "POL-chT 2nd div South 22"]
[BlackTeam "POL-chT 2nd div South 07"]
[WhiteTeamCountry "POL"]
[BlackTeamCountry "POL"]

1. d4 d5 2. Nf3 c6 3. Bf4 Nf6 4. e3 Bf5 5. h3 e6 6. Nbd2 Bd6 7. Bxd6 Qxd6 8. c3 Nbd7 9. Be2 0-0 10. 0-0 Rfe8 11. Re1 h6 12. Qa4 1/2-1/2

[Event "POL-chT2 U18"]
[Site "Augustow"]
[Date "1996.??.??"]
[Round "?"]
[White "Czekalski, Adam"]
[Black "Fladrowski, Bartosz"]
[Result "1-0"]
[WhiteElo "2150"]
[BlackElo "1800"]
[PlyCount "43"]
[EventDate "1996.??.??"]
[EventType "team-tourn"]
[EventRounds "10"]
[EventCountry "POL"]
[SourceTitle "EXT 2003"]
[Source "ChessBase"]
[SourceDate "2002.11.25"]
[SourceVersion "1"]
[SourceVersionDate "2002.11.25"]
[SourceQuality "1"]

1. d4 d5 2. Nf3 e6 3. c4 c6 4. Qc2 Nd7 5. g3 Ngf6 6. Bg2 Be7 7. 0-0 b6 8. Nbd2 Bb7 9. b3 0-0 10. Bb2 Rc8 11. e4 dxe4 12. Ng5 c5 13. Ndxe4 Nxe4 14. Nxe4 Bxe4 15. Bxe4 Nf6 16. Rad1 Nxe4 17. Qxe4 Qc7 18. d5 exd5 19. Rxd5 Rcd8 20. Re5 Bd6 21. Rh5 g6 22. Rxh7 1-0

[Event "POL-ch sf U20"]
[Site "Ostrow Wielkopolski"]
[Date "1996.??.??"]
[Round "2"]
[White "Czekalski, Adam"]
[Black "Wlodarczyk, Oskar"]
[Result "1-0"]
[WhiteElo "2150"]
[BlackElo "2080"]
[PlyCount "87"]
[EventDate "1996.??.??"]
[EventType "swiss"]
[EventRounds "9"]
[EventCountry "POL"]
[SourceTitle "EXT 2006"]
[Source "ChessBase"]
[SourceDate "2005.11.24"]
[SourceVersion "1"]
[SourceVersionDate "2005.11.24"]
[SourceQuality "1"]

1. d4 c5 2. e3 e6 3. Nf3 Nf6 4. c4 d5 5. cxd5 Nxd5 6. g3 Nc6 7. a3 cxd4 8. Nxd4 Bd7 9. Bg2 Be7 10. Nf5 exf5 11. Bxd5 Qa5+ 12. Nc3 0-0 13. 0-0 Rad8 14. Qb3 Nb4 15. Rd1 Bc6 16. Bxc6 Rxd1+ 17. Qxd1 Nxc6 18. Qd7 Bf6 19. Qxb7 Bxc3 20. Qxc6 Bf6 21. b4 Qd8 22. Ra2 Qd1+ 23. Kg2 h5 24. Rd2 Qe1 25. h4 Kh7 26. Qc5 Kg8 27. Rc2 Rd8 28. Qxf5 Rd1 29. Rc8+ Bd8 30. Kf3 Qh1+ 31. Kf4 Qb7 32. e4 Rd7 33. Qc5 Rd3 34. Be3 Qd7 35. Qf5 Qd6+ 36. Kf3 g6 37. Qc5 Qe6 38. Qc4 Qd7 39. Ke2 Rxa3 40. Kf3 Kh7 41. Kg2 Kg7 42. Bd4+ f6 43. Ra8 Qb7 44. Rxd8 1-0